[Event "Langenhagen-ch op 17th"]
[Site "Langenhagen"]
[Date "2014.06.14"]
[Round "1"]
[White "Baum, Frank Christian"]
[Black "Herrmann, Andreas"]
[Result "0-1"]
[WhiteElo "1594"]
[BlackElo "2118"]
[PlyCount "114"]
[EventDate "2014.06.14"]
[EventType "swiss"]
[EventRounds "7"]
[EventCountry "GER"]
[SourceTitle "EXT 2021"]
[Source "ChessBase"]
[SourceDate "2020.10.23"]
[SourceVersion "1"]
[SourceVersionDate "2020.10.23"]
[SourceQuality "1"]

1. e4 c5 2. Nc3 d6 3. f4 a6 4. a4 g6 5. Bc4 Bg7 6. Nf3 e6 7. d3 Ne7 8. 0-0 Nbc6 9. Qe1 Nd4 10. Nxd4 cxd4 11. Ne2 d5 12. exd5 Nxd5 13. Bxd5 Qxd5 14. Ng3 0-0 15. Ne4 Bd7 16. Qh4 Bc6 17. Rf2 Qd8 18. Qh3 h6 19. Bd2 f5 20. Nc5 Qd5 21. Nb3 Rac8 22. Bb4 Rf7 23. a5 Rfc7 24. Rc1 Ba4 25. Na1 g5 26. fxg5 hxg5 27. Re2 g4 28. Qh5 Rf7 29. Rce1 Rc6 30. Qg5 Qd7 31. Kh1 Rf6 32. c3 Rc8 33. cxd4 Bc6 34. d5 Bxd5 35. Bc3 Rf7 36. d4 f4 37. Rf2 f3 38. gxf3 Bxf3+ 39. Kg1 Rcf8 40. Nc2 Rf5 41. Qe3 Bd5 42. Rxf5 exf5 43. Qg5 Be4 44. Ne3 Qd8 45. Qf4 Bxd4 46. Bxd4 Qxd4 47. b3 Qg7 48. Qd6 Rf6 49. Qd8+ Kh7 50. Rd1 g3 51. h3 Kg6 52. Rd7 Rf7 53. Rd6+ Kh7 54. Qh4+ Kg8 55. Qd8+ Rf8 56. Qb6 f4 57. Nd5 Qa1# 0-1

[Event "Langenhagen-ch op"]
[Site "Langenhagen"]
[Date "2013.08.24"]
[Round "3"]
[White "Baum, Frank Christian"]
[Black "Nagel, Detlev"]
[Result "1-0"]
[WhiteElo "1640"]
[BlackElo "1515"]
[PlyCount "77"]
[EventDate "2013.06.22"]
[EventType "swiss"]
[EventRounds "7"]
[EventCountry "GER"]
[SourceTitle "EXT 2021"]
[Source "ChessBase"]
[SourceDate "2020.10.23"]
[SourceVersion "1"]
[SourceVersionDate "2020.10.23"]
[SourceQuality "1"]

1. e4 d5 2. exd5 Qxd5 3. Nc3 Qe5+ 4. Be2 Nc6 5. Nf3 Qa5 6. d4 Nf6 7. 0-0 Bf5 8. Be3 0-0-0 9. Qc1 Nb4 10. Bd1 e6 11. a3 Nbd5 12. Nxd5 Nxd5 13. Bd2 Qb6 14. c4 Nf6 15. c5 Qc6 16. Ne5 Qe8 17. Qc4 Nd5 18. c6 Nb6 19. cxb7+ Kxb7 20. Bf3+ Nd5 21. Rfc1 Bd6 22. Bxd5+ exd5 23. Qxd5+ c6 24. Qb3+ Ka8 25. Nxc6 Be6 26. Qf3 Bxh2+ 27. Kxh2 Bd5 28. Nxd8 Qxd8 29. Qg3 g6 30. Rc7 Qf6 31. Rac1 Bb7 32. Bc3 Re8 33. d5 Qf5 34. d6 Re2 35. d7 a5 36. d8Q+ Ka7 37. Bd4+ Ka6 38. Qdd6+ Kb5 39. Qb3# 1-0

[Event "Hannover Ihme Cup"]
[Site "Hannover"]
[Date "2013.05.05"]
[Round "4"]
[White "Baum, Frank Christian"]
[Black "Schulz, Daniel"]
[Result "0-1"]
[WhiteElo "1574"]
[BlackElo "1846"]
[PlyCount "140"]
[EventDate "2013.05.03"]
[EventType "swiss"]
[EventRounds "5"]
[EventCountry "GER"]
[SourceTitle "EXT 2021"]
[Source "ChessBase"]
[SourceDate "2020.10.23"]
[SourceVersion "1"]
[SourceVersionDate "2020.10.23"]
[SourceQuality "1"]

1. e4 e6 2. d4 d5 3. exd5 exd5 4. Nf3 Bg4 5. Qe2+ Ne7 6. Be3 Nbc6 7. h3 Bf5 8. a3 f6 9. Nc3 Qd7 10. Nh4 Be6 11. g4 g5 12. Nf3 0-0-0 13. 0-0-0 Ng6 14. Bg2 Kb8 15. Qb5 Bd6 16. Ne1 a6 17. Qa4 Nf4 18. Bf1 Na7 19. Qb3 Ka8 20. Nd3 h5 21. Bxf4 gxf4 22. gxh5 Rxh5 23. h4 Rdh8 24. Bg2 Nb5 25. Nxb5 Qxb5 26. Qc3 Bg4 27. f3 Bf5 28. Bf1 Qb6 29. Ne1 Rxh4 30. Rxh4 Rxh4 31. Ng2 Rh2 32. Ne1 c6 33. Nd3 Ka7 34. Rd2 Rh1 35. Rd1 Qc7 36. Nc5 Rh2 37. Bd3 Bc8 38. Qe1 Rh3 39. Qe2 Qe7 40. Qxe7 Bxe7 41. Be2 Rh2 42. Kd2 Bh3 43. Nd3 Bd6 44. Rg1 Bf5 45. Rg7 Rh7 46. Rxh7 Bxh7 47. Nf2 Bf5 48. Bd3 Bc8 49. c4 dxc4 50. Bxc4 b5 51. Bd3 Kb6 52. Ne4 Be7 53. Kc3 f5 54. Nf2 c5 55. dxc5+ Kxc5 56. b4+ Kd5 57. Bc2 Bf6+ 58. Kd3 Bd7 59. Nd1 Bd4 60. Nc3+ Ke5 61. Bb3 Bc6 62. Bd1 Bf2 63. Be2 Be3 64. Bd1 Bc1 65. Nb1 Bd5 66. Kc2 Be3 67. Kc3 Bf2 68. Be2 Be1+ 69. Nd2 Bxd2+ 70. Kxd2 Kd4 0-1